| 000 | 01714nam a2200361 4500 | ||
|---|---|---|---|
| 001 | 59737 | ||
| 003 | CO-BoRNBP | ||
| 005 | 20251031143910.0 | ||
| 007 | ta | ||
| 008 | 250203s2025 ck a|||cr|||| 00| h spa d | ||
| 020 | _a9786287589568 | ||
| 040 |
_aCO-BoRNBP _bspa _erda _cCO-BoRNBP |
||
| 041 | 0 | _aspa | |
| 043 | _as-ck--- | ||
| 084 | _aH | ||
| 100 |
_aPantoja, Óscar, _d1971- , _eaut _951089 |
||
| 245 | 1 | 0 |
_aCazucá / _cÓscar Pantoja ; ilustraciones Florencia Capella. |
| 250 | _aEdición especial | ||
| 264 | 1 |
_aBogotá, Colombia : _bRey Naranjo, _c2025 |
|
| 300 |
_a25 páginas : _bilustraciones a color |
||
| 336 |
_atexto _btxt _2rdacontenido |
||
| 337 |
_asin mediación _bn _2rdamedio |
||
| 338 |
_avolumen _bnc _2rdasoporte |
||
| 520 | _aLuego de presentar «Cómbita» y «Tumaco», Óscar Pantoja nos trae una historia sobre la crisis ambiental vivida en uno de los sectores más marginados de Soacha, donde sus habitantes no cuentan con suficiente agua potable. Esta vez, la encargada de las ilustraciones es la argentina Florencia Capella, quien ya también ilustró el cuento infantil de Luiz Ruffato «La verdadera historia del sapo Luis | ||
| 521 | _aRecomendado para un público infantil a partir de los 6 años | ||
| 545 | _aIncluye datos biográficos del autor y de la ilustradora | ||
| 650 | 0 | 7 |
_aConservación del agua _vTiras cómicas, historietas, etc. _2lemb _962763 |
| 650 | 0 | 7 |
_aPoblación urbana _vTiras cómicas, historietas, etc. _2lemb _966473 |
| 650 | 0 | 4 |
_aTiras cómicas, historietas, etc. infantiles colombianas _ySiglo XX _2LEMB _966096 |
| 650 | 0 | 4 |
_aLiteratura infantil colombiana _ySiglo XX _2LEMB _9364 |
| 700 |
_aCapella, Florencia _eill _962524 |
||
| 942 |
_2loc _cBKLITI _n0 |
||
| 999 |
_c59737 _d59737 |
||